000 00917nam a22003017a 4500
001 BR0102192
003 BR-BrBNA
005 20230928100843.0
007 ta
008 230509b bl.||||| |||| 00| 0 por d
040 _aBR-BrBNA
_bpor
_cBiblioteca Nacional de Agricultura
041 _a(Por)
072 _aP06
090 _ P06 BR0102192
100 1 _aStemmer, C.E.
245 1 _aDeclaracao de Brasilia, diretrizes e plano de acao para o desenvolvimento das energias renovaveis solar, eolica e de biomassa no Brasil; foro permanente das energias renovaveis
260 3 _aBrasilia, DF (Brasil):
_c1995.
300 _a41 p.
500 _a27 illus.
650 _aEnergia Solar
650 _aEnergia Eolica
650 _aBiomassa
650 _aRecurso Energetico
650 _aPlanejamento Estrategico
650 _aProjeto de Desenvolvimento
909 _a202309
_bLucia
_c55
_dLucia Elande
942 _cBK
999 _c63112
_d63112